Aaron Spelling Shows Quiz Stats

Quiz not verified by Sporcle

Also try: TV Debuts: 2002
Challenge
Share
Tweet
Embed
Score 0/26 Timer 10:00
0 Plays Today
Years Show % Correct
1990 - 2000Beverly Hills, 90210
88.1%
1992 - 1999Melrose Place
74.6%
1981 - 1989Dynasty
73.1%
1998 - 2006Charmed
73.1%
1976 - 1981Charlie's Angels
65.7%
1996 - 20077th Heaven
62.7%
1978 - 1984Fantasy Island
56.7%
1985 - 1987The Colbys
50.7%
1982 - 1986T.J. Hooker
50.7%
1977 - 1986The Love Boat
50.7%
1968 - 1973The Mod Squad
47.8%
1975 - 1979Starsky & Hutch
43.3%
1982 - 1985Matt Houston
38.8%
Years Show % Correct
1979 - 1984Hart to Hart
37.3%
1963 - 1966Burke's Law
35.8%
1978 - 1981Vega$
35.8%
1997 - 1999Sunset Beach
31.3%
1983 - 1988Hotel
28.4%
1972 - 1976The Rookies
26.9%
1976 - 1980Family
25.4%
1975 - 1976S.W.A.T.
25.4%
1996 - 1997Savannah
17.9%
1967 - 1969The Guns of Will Sonnett
16.4%
1996 - 1997Pacific Palisades
16.4%
2004 - 2005Summerland
11.9%
1984 - 1985Finder of Lost Loves
9%

You're not logged in!

Compare scores with friends on all Sporcle quizzes.
Sign Up with Email
OR
Log In

You Might Also Like...

Show Comments

Extras

Top Quizzes Today


Score Distribution

Your Account Isn't Verified!

In order to create a playlist on Sporcle, you need to verify the email address you used during registration. Go to your Sporcle Settings to finish the process.